<?xml version='1.0' encoding='UTF-8'?>
  <record xmlns="http://www.loc.gov/MARC21/slim">
    <leader>00000cam a22000007i 4500</leader>
    <controlfield tag="001">ocm51312821</controlfield>
    <controlfield tag="003">OCoLC</controlfield>
    <controlfield tag="005">20250922215355.7</controlfield>
    <controlfield tag="008">990518s1550    fr            000 0 lat d</controlfield>
    <datafield tag="040" ind1=" " ind2=" ">
      <subfield code="a">EQO</subfield>
      <subfield code="b">eng</subfield>
      <subfield code="e">rda</subfield>
      <subfield code="e">dcrmr</subfield>
      <subfield code="c">EQO</subfield>
      <subfield code="d">OCLCQ</subfield>
      <subfield code="d">OCLCG</subfield>
      <subfield code="d">OCLCA</subfield>
      <subfield code="d">OCLCQ</subfield>
      <subfield code="d">OCLCO</subfield>
      <subfield code="d">OCLCF</subfield>
      <subfield code="d">OCL</subfield>
      <subfield code="d">OCLCO</subfield>
      <subfield code="d">QGJ</subfield>
      <subfield code="d">OCLCA</subfield>
      <subfield code="d">OCLCQ</subfield>
      <subfield code="d">OCLCO</subfield>
      <subfield code="d">OCLCL</subfield>
      <subfield code="d">OCLCO</subfield>
    </datafield>
    <datafield tag="035" ind1=" " ind2=" ">
      <subfield code="a">(OCoLC)51312821</subfield>
    </datafield>
    <datafield tag="043" ind1=" " ind2=" ">
      <subfield code="a">e-it---</subfield>
    </datafield>
    <datafield tag="082" ind1="0" ind2="4">
      <subfield code="a">945/.804</subfield>
      <subfield code="q">OCoLC</subfield>
      <subfield code="2">21/eng/20230216</subfield>
      <subfield code="1">https://id.oclc.org/worldcat/ddc/E3rrHkJGh6gmCYPG9crbJX48Rf</subfield>
    </datafield>
    <datafield tag="100" ind1="1" ind2=" ">
      <subfield code="a">Falcando, Ugo,</subfield>
      <subfield code="d">-approximately 1200,</subfield>
      <subfield code="e">author.</subfield>
      <subfield code="4">aut</subfield>
      <subfield code="1">https://id.oclc.org/worldcat/entity/E39PBJfMf9VYJwXgHHWgJbCqQq</subfield>
    </datafield>
    <datafield tag="245" ind1="1" ind2="0">
      <subfield code="a">Historia Hugonis Falcandi Siculi de rebus gestis in Siciliae regno, :</subfield>
      <subfield code="b">iam primùm typis excusa, studio &amp; beneficio Reuerendi D. Domini Matthaei Longog[a]ei Suessionu[m] pontificis &amp; regni Galliae ab interiore ac penitiore consilio. Huc accessit in librum praefatio, &amp; historicae lectionis Encomium per Geruasium Tornacaeum Suessionensem.</subfield>
    </datafield>
    <datafield tag="246" ind1="3" ind2=" ">
      <subfield code="a">Historia Hvgonis Falcandi Sicvli de rebus gestis in Siciliae regno</subfield>
    </datafield>
    <datafield tag="246" ind1="1" ind2="7">
      <subfield code="a">Siciliae historia</subfield>
    </datafield>
    <datafield tag="264" ind1=" " ind2="1">
      <subfield code="a">Parisiis :</subfield>
      <subfield code="b">Apud Mathurinum Dupuys via Iacobea, sub insigni Hominis syluestris, &amp; Frobenij.,</subfield>
      <subfield code="c">M.D.L. [1550]</subfield>
    </datafield>
    <datafield tag="300" ind1=" " ind2=" ">
      <subfield code="a">[32], 191, [1] pages ;</subfield>
      <subfield code="c">22 cm (4to)</subfield>
    </datafield>
    <datafield tag="336" ind1=" " ind2=" ">
      <subfield code="a">text</subfield>
      <subfield code="b">txt</subfield>
      <subfield code="2">rdacontent</subfield>
    </datafield>
    <datafield tag="337" ind1=" " ind2=" ">
      <subfield code="a">unmediated</subfield>
      <subfield code="b">n</subfield>
      <subfield code="2">rdamedia</subfield>
    </datafield>
    <datafield tag="338" ind1=" " ind2=" ">
      <subfield code="a">volume</subfield>
      <subfield code="b">nc</subfield>
      <subfield code="2">rdacarrier</subfield>
    </datafield>
    <datafield tag="340" ind1=" " ind2=" ">
      <subfield code="m">4to</subfield>
      <subfield code="2">rdabf</subfield>
    </datafield>
    <datafield tag="500" ind1=" " ind2=" ">
      <subfield code="a">Falcandus may be the pseudonym of Eugenio, admiral of Sicily, Roberto di San Giovanni or another.--cf. discussion in Jamison, E.M Admiral Eugenius of Sicily. London, 1957. p. 177-297.</subfield>
    </datafield>
    <datafield tag="500" ind1=" " ind2=" ">
      <subfield code="a">Includes "Hugonis Falcandi In suam De Regno Siciliae Historiam Praefatio ad Petrum Panhormitanae Ecclesiae Thesaurarivm" p. [1]-12.</subfield>
    </datafield>
    <datafield tag="500" ind1=" " ind2=" ">
      <subfield code="a">Colophon: Excudebat Guil. Morelius impensis Mathurini Dupuys, Lutetiae Parisiorum, cal. Septembr. M.D.L. [1 Sept. 1550].</subfield>
    </datafield>
    <datafield tag="500" ind1=" " ind2=" ">
      <subfield code="a">Running title reads: "Siciliae historia."</subfield>
    </datafield>
    <datafield tag="500" ind1=" " ind2=" ">
      <subfield code="a">Signatures: aa-dd⁴ A-Z⁴ ²aa⁴.</subfield>
    </datafield>
    <datafield tag="500" ind1=" " ind2=" ">
      <subfield code="a">Spaces left with guide letters for initials, marginal notes.</subfield>
    </datafield>
    <datafield tag="500" ind1=" " ind2=" ">
      <subfield code="a">Printed marginalia.</subfield>
    </datafield>
    <datafield tag="510" ind1="4" ind2=" ">
      <subfield code="a">Adams, H.M. Catalogue of books printed on the continent of Europe, 1501-1600, in Cambridge libraries,</subfield>
      <subfield code="c">F 123</subfield>
    </datafield>
    <datafield tag="510" ind1="4" ind2=" ">
      <subfield code="a">Short-title catalogue of books printed in France and of French books printed in other countries from 1470 to 1600 now in the British Museum,</subfield>
      <subfield code="c">p. 161</subfield>
    </datafield>
    <datafield tag="510" ind1="4" ind2=" ">
      <subfield code="a">Brunet, J.-C. Manuel du libraire et de l'amateur de livres (5e éd.),</subfield>
      <subfield code="c">II, 1169</subfield>
    </datafield>
    <datafield tag="510" ind1="4" ind2=" ">
      <subfield code="a">Goldsmiths'-Kress library of economic literature,</subfield>
      <subfield code="c">no. 46.1-2 suppl</subfield>
    </datafield>
    <datafield tag="520" ind1=" " ind2=" ">
      <subfield code="a">"The History of the Tyrants of Sicily by the so-called Hugo Falcandus is a key source for the history of the medieval kingdom of Sicily. It describes the events of the reign of King William I "the Bad" (1154-1166) and the minority of his son, William II "the Good" (1166-1189) up to the spring of 1169. These were years of crisis and the History presents a vivid and compelling (though savagely biased) picture of royal tyranny, rebellion and factional dispute at court."--Manchester University Press.</subfield>
    </datafield>
    <datafield tag="600" ind1="0" ind2="0">
      <subfield code="a">William</subfield>
      <subfield code="b">I,</subfield>
      <subfield code="c">King of Sicily,</subfield>
      <subfield code="d">1120?-1166.</subfield>
    </datafield>
    <datafield tag="600" ind1="0" ind2="0">
      <subfield code="a">William</subfield>
      <subfield code="b">II,</subfield>
      <subfield code="c">King of Sicily,</subfield>
      <subfield code="d">1153 or 1154-1189.</subfield>
    </datafield>
    <datafield tag="651" ind1=" " ind2="0">
      <subfield code="a">Sicily (Italy)</subfield>
      <subfield code="x">History</subfield>
      <subfield code="y">1016-1194</subfield>
      <subfield code="v">Early works to 1800.</subfield>
    </datafield>
    <datafield tag="650" ind1=" " ind2="0">
      <subfield code="a">Normans</subfield>
      <subfield code="z">Italy</subfield>
      <subfield code="z">Sicily</subfield>
      <subfield code="v">Early works to 1800.</subfield>
    </datafield>
    <datafield tag="651" ind1=" " ind2="6">
      <subfield code="a">Sicile (Italie)</subfield>
      <subfield code="x">Histoire</subfield>
      <subfield code="y">1016-1194</subfield>
      <subfield code="v">Ouvrages avant 1800.</subfield>
    </datafield>
    <datafield tag="650" ind1=" " ind2="6">
      <subfield code="a">Normands (Français)</subfield>
      <subfield code="z">Italie</subfield>
      <subfield code="z">Sicile</subfield>
      <subfield code="v">Ouvrages avant 1800.</subfield>
    </datafield>
    <datafield tag="600" ind1="0" ind2="7">
      <subfield code="a">William</subfield>
      <subfield code="b">I,</subfield>
      <subfield code="c">King of Sicily,</subfield>
      <subfield code="d">1120?-1166</subfield>
      <subfield code="2">fast</subfield>
      <subfield code="1">https://id.oclc.org/worldcat/entity/E39PBJjmRRxHRXWbYrWw8wVjYP</subfield>
    </datafield>
    <datafield tag="600" ind1="0" ind2="7">
      <subfield code="a">William</subfield>
      <subfield code="b">II,</subfield>
      <subfield code="c">King of Sicily,</subfield>
      <subfield code="d">1153 or 1154-1189</subfield>
      <subfield code="2">fast</subfield>
      <subfield code="1">https://id.oclc.org/worldcat/entity/E39PBJrgP8kHJwXYymYYKVxYyd</subfield>
    </datafield>
    <datafield tag="650" ind1=" " ind2="7">
      <subfield code="a">Normans</subfield>
      <subfield code="2">fast</subfield>
    </datafield>
    <datafield tag="651" ind1=" " ind2="7">
      <subfield code="a">Italy</subfield>
      <subfield code="z">Sicily</subfield>
      <subfield code="2">fast</subfield>
      <subfield code="1">https://id.oclc.org/worldcat/entity/E39PBJvd8MvTHqM4mpqgG6fjG3</subfield>
    </datafield>
    <datafield tag="648" ind1=" " ind2="7">
      <subfield code="a">1016-1194</subfield>
      <subfield code="2">fast</subfield>
    </datafield>
    <datafield tag="655" ind1=" " ind2="7">
      <subfield code="a">History</subfield>
      <subfield code="2">fast</subfield>
    </datafield>
    <datafield tag="655" ind1=" " ind2="7">
      <subfield code="a">Early works</subfield>
      <subfield code="2">fast</subfield>
    </datafield>
    <datafield tag="700" ind1="0" ind2=" ">
      <subfield code="a">Eugenius,</subfield>
      <subfield code="c">Admiral of Sicily,</subfield>
      <subfield code="d">approximately 1130-approximately 1203,</subfield>
      <subfield code="e">attributed name.</subfield>
      <subfield code="4">att</subfield>
      <subfield code="1">https://id.oclc.org/worldcat/entity/E39PBJkp9wyvXY4DHpR9CkMF8C</subfield>
    </datafield>
    <datafield tag="700" ind1="0" ind2=" ">
      <subfield code="a">Roberto di San Giovanni,</subfield>
      <subfield code="d">active 12th century ,</subfield>
      <subfield code="e">attributed name.</subfield>
      <subfield code="4">att</subfield>
    </datafield>
    <datafield tag="700" ind1="1" ind2=" ">
      <subfield code="a">Longuejoue, Mathieu de,</subfield>
      <subfield code="d">-1558.</subfield>
      <subfield code="1">https://id.oclc.org/worldcat/entity/E39PBJk4CFYtJ6bcRMXGxtvyh3</subfield>
    </datafield>
    <datafield tag="700" ind1="1" ind2=" ">
      <subfield code="a">Gervais de Tournai, Martin,</subfield>
      <subfield code="d">1515-</subfield>
      <subfield code="1">https://id.oclc.org/worldcat/entity/E39PCjBkyPgDbhdffkJfg8hkfy</subfield>
    </datafield>
    <datafield tag="700" ind1="1" ind2=" ">
      <subfield code="a">Du Puys, Mathurin,</subfield>
      <subfield code="d">active 1537-1558,</subfield>
      <subfield code="e">bookseller.</subfield>
      <subfield code="4">bsl</subfield>
      <subfield code="1">https://id.oclc.org/worldcat/entity/E39PBJyx9XYFMKr3CQVQFKRFrq</subfield>
    </datafield>
    <datafield tag="700" ind1="1" ind2=" ">
      <subfield code="a">Morel, Guillaume,</subfield>
      <subfield code="d">1505-1564,</subfield>
      <subfield code="e">printer.</subfield>
      <subfield code="4">prt</subfield>
      <subfield code="1">https://id.oclc.org/worldcat/entity/E39PBJv8K9RJPbMqyWfxTxTJXd</subfield>
    </datafield>
    <datafield tag="700" ind1="0" ind2=" ">
      <subfield code="a">Henry</subfield>
      <subfield code="b">II,</subfield>
      <subfield code="c">King of France,</subfield>
      <subfield code="d">1519-1559,</subfield>
      <subfield code="e">censor.</subfield>
      <subfield code="4">cns</subfield>
      <subfield code="1">https://id.oclc.org/worldcat/entity/E39PCjGHPhjJT3Tv9KYcVbwqKm</subfield>
    </datafield>
    <datafield tag="710" ind1="2" ind2=" ">
      <subfield code="a">Officina Frobeniana,</subfield>
      <subfield code="e">printer.</subfield>
      <subfield code="4">prt</subfield>
      <subfield code="1">https://id.oclc.org/worldcat/entity/E39QH7JmqFqCcb64H7tWdTGxvR</subfield>
    </datafield>
    <datafield tag="752" ind1=" " ind2=" ">
      <subfield code="a">France</subfield>
      <subfield code="d">Paris,</subfield>
      <subfield code="e">publication place.</subfield>
      <subfield code="4">pup</subfield>
    </datafield>
    <datafield tag="758" ind1=" " ind2=" ">
      <subfield code="i">has work:</subfield>
      <subfield code="a">Historia Hugonis Falcandi Siculi de rebus gestis in Siciliae regno (Text)</subfield>
      <subfield code="1">https://id.oclc.org/worldcat/entity/E39PCFwdhd7h7Xp4mcKf3F6Wj3</subfield>
      <subfield code="4">https://id.oclc.org/worldcat/ontology/hasWork</subfield>
    </datafield>
  </record>